Sgt. Pepper's Lonely Hearts Club Band - The Beatles (All Lyrics) - Statistics

General Stats
  • This quiz has been taken 93 times
  • The average score is 133 of 166
Answer Stats
Lyrics % Correct
a
98%
I
98%
pepper
98%
sgt.
98%
it
97%
to
97%
band
95%
the
95%
was
95%
he
92%
you
92%
ago
91%
club
91%
go
91%
hearts
91%
lonely
91%
years
91%
pepper's
89%
today
89%
twenty
88%
in
86%
and
85%
play
85%
show
85%
we
85%
so
82%
when
82%
enjoy
80%
hope
78%
introduce
78%
be
77%
all
75%
let
75%
like
75%
will
75%
billy
74%
but
74%
one
74%
only
74%
me
72%
shears
72%
style
72%
know
71%
take
71%
that
71%
us
71%
with
71%
going
69%
home
69%
love
69%
really
69%
it's
68%
out
68%
these
68%
we'd
68%
don't
66%
of
66%
taught
66%
here
65%
you're
65%
audience
63%
certainly
63%
evening
63%
lovely
63%
sing
63%
song
63%
such
63%
thrill
63%
along
60%
gonna
60%
smile
60%
wants
60%
we're
60%
wonderful
58%
been
57%
singer's
57%
back
54%
may
54%
sit
54%
stop
54%
wanna
54%
guaranteed
52%
raise
52%
for
51%
might
51%
thought
51%
they're
49%
they've
46%
you've
40%
act
34%
known
34%
No matching quizzes found
Score Distribution
Percent of People with Each Score
Percentile by Number Answered
Your Score History
You have not taken this quiz